Designing and managing the supply chain concepts, strategies and case studies

Salvato in:
Dettagli Bibliografici
Autore principale: Simchi-Levi, David
Altri autori: Kaminsky, Philip, Simchi-Levi, Edith
Natura: Libro
Lingua:inglese
Pubblicazione: New York McGraw-Hill/Irwin 2003
Edizione:2nd ed.
Soggetti:
Tags: Aggiungi Tag
Nessun Tag, puoi essere il primo ad aggiungerne!!

MARC

LEADER 00000nam$a2200000$$$4500
001 0105794
005 20240311124922.9
020 |a 0-07-119896-2 
020 |a 0-07-249256-2 
041 0 |a eng 
044 |a US 
245 1 0 |a Designing and managing the supply chain  |b concepts, strategies and case studies  |c David Simchi-Levi, Philip Kaminsky, Edith Simchi-Levi 
250 |a 2nd ed. 
264 1 |a New York  |b McGraw-Hill/Irwin  |c 2003 
300 |a xxvii, 354 s. 
610 2 0 |a manažment 
610 2 0 |a riadenie 
610 2 0 |a zásobovanie 
610 2 0 |a distribúcia 
610 2 0 |a dodávky 
610 2 0 |a zákazníci 
610 2 0 |a marketing 
610 2 0 |a logistika 
610 2 0 |a podnikanie 
100 1 |a Simchi-Levi, David 
700 1 |a Kaminsky, Philip 
700 1 |a Simchi-Levi, Edith